| 000 -LEADER |
| fixed length control field |
01183pab a2200193 454500 |
| 008 - FIXED-LENGTH DATA ELEMENTS--GENERAL INFORMATION |
| fixed length control field |
180718b1995 xxu||||| |||| 00| 0 eng d |
| 100 ## - MAIN ENTRY--PERSONAL NAME |
| Personal name |
Golandaz, H.M. |
| 245 ## - TITLE STATEMENT |
| Title |
Seventy-fourth Constitution Amendment Act and conformity municipal legislations in Gujarat and Maharashtra |
| 260 ## - PUBLICATION, DISTRIBUTION, ETC. |
| Date of publication, distribution, etc. |
1995 |
| 300 ## - PHYSICAL DESCRIPTION |
| Extent |
p.151-59 |
| 362 ## - DATES OF PUBLICATION AND/OR SEQUENTIAL DESIGNATION |
| Dates of publication and/or sequential designation |
Jan-Jun |
| 520 ## - SUMMARY, ETC. |
| Summary, etc. |
"The paper gives an account of comparative provisions in the conformity legislations of Gujarat and Maharashtra. It does not observe perceptible enhancement of municipal autonomy in the post Seventy-fourth Amendement, through some interesting provision have been made relating to Ward Committees in Maharashtra. By reducing the term of office of President, who also wields executive authority, the very purpose of democratic decentralisation has been defeated. The only redeeming feature, the paper argues, is the provision relating to limiting supersession up to six months only". |
| 650 ## - SUBJECT ADDED ENTRY--TOPICAL TERM |
| Topical term or geographic name entry element |
India - Constitution - Amendments - 74th |
| 650 ## - SUBJECT ADDED ENTRY--TOPICAL TERM |
| Topical term or geographic name entry element |
Municipal government - India - Maharashtra |
| 650 ## - SUBJECT ADDED ENTRY--TOPICAL TERM |
| Topical term or geographic name entry element |
Municipal government - India - Gujarat |
| 650 ## - SUBJECT ADDED ENTRY--TOPICAL TERM |
| Topical term or geographic name entry element |
Local government |
| 773 ## - HOST ITEM ENTRY |
| Main entry heading |
Urban India |
| 909 ## - |
| -- |
30905 |